000 00350nam a2200133Ia 4500
008 230704s9999 xx 000 0 und d
020 _a9788195102297
100 _aSOWMYA, B.A.
245 0 _aPHARMACY HERALD B PHARMACY FIRST SEMESTER
260 _bEMMESS MEDICAL PUBLISHERS, BANGALORE
_c2021
300 _a378
650 _aPharmacy
942 _cBK
999 _c215446
_d215446